Sociólogos y sociología
Guardat en:
| Autor principal: | |
|---|---|
| Format: | Llibre |
| Idioma: | espanyol |
| Publicat: |
Madrid
Siglo Veintiuno
1970
|
| Matèries: | |
| Etiquetes: |
Afegir etiqueta
Sense etiquetes, Sigues el primer a etiquetar aquest registre!
|
MARC
| LEADER | 00000nam a2200000 a 4500 | ||
|---|---|---|---|
| 001 | UCY7589 | ||
| 003 | CL-VaPUC | ||
| 008 | 950616e19700000SP |||||||||||||||||spa|d | ||
| 082 | 0 | 4 | |a 301 |b MOY |2 21 |
| 100 | |a Moya, Carlos J. |e autor |9 868522 | ||
| 245 | 1 | 0 | |a Sociólogos y sociología |
| 300 | |a 295 p | ||
| 942 | |c BK | ||
| 945 | |d 19950616 00:00:00 |a mfernand | ||
| 260 | |a Madrid |b Siglo Veintiuno |c 1970 | ||
| 600 | 0 | 7 | |a DURKHEIM, EMILE |2 CL-VaPUC |9 314700 |
| 600 | 0 | 7 | |a WEBER, MAX |2 CL-VaPUC |9 314708 |
| 650 | 0 | |a Sociología |9 255410 | |
| 650 | 7 | |a SOCIOLOGOS |2 CL-VaPUC |9 307715 | |
| 650 | 0 | |a Cultura |x Investigación |9 338168 | |
| 650 | 0 | |a Ciencias sociales |v Investigación |9 307767 | |
| 583 | |a last modification |c 19950616 00:00:00 |k Rodrigo Vera | ||
| 999 | |c 234927 |d 234925 | ||
| 952 | |0 0 |1 0 |4 0 |6 301_000000000000000_MOY_1970 |7 0 |8 P |9 241924 |a BIBEDU |b BIBEDU |c BIBEDU_PB |d 2019-11-18 |i 1520237 |o 301 MOY 1970 |p 1520237 |r 2024-01-25 |w 2019-11-18 |y BK |k EDU | ||